LEADER 01272nam a2200301 u 4500 001 000000012838 003 CaOOAMICUS 005 20070226105602.0 008 940517s1969 it abf u000 u ita u 035 $a10308132 040 $aPUL(R)$bita 041 1 $aita$hfre 100 1 $aLe Goff, Jacques,$d1924-2014.$0(OLS)http://pul/name/469 240 10$aCivilisation de l'Occident médiéval.$lItaliano.$0(OLS)http://pul/title/18568 245 13$aLa civiltà dell'occidente medievale /$cJacques Le Goff. 260 $aFirenze :$bSansoni,$cc1969. 300 $a685 p., [140]p. di tav., 8 c. di tav., [7] c. di tav. pieg. :$bill., c. geogr. ;$c24 cm 490 1 $aGrandi civiltà 500 $aTraduzione dal francese di Adriana Menitoni. 504 $aBibliografia: p. 645-664. 650 4$aCiviltà occidentale$yEvo medio.$0(OLS)http://pul/subject/9475 830 0$aGrandi civiltà.$0(OLS)http://pul/title/18570 850 $aPUL 852 $aPUL$W1$xSL Filosofia 1$y2$m106 F 24$j18103$nBK-PRI$b $qStampati$B18103$CPULBib$Z2$F18103 $H $81 941 1 $a8 961 $aINV: 41285 996 $6245$aLa civiltà dell'occidente medievale$9(OLS)http://pul/title/18569 996 $6260$aFirenze :$bSansoni$9(OLS)http://pul/publisher/47896 LEADER 01263nam a2200301 u 4500 001 000000074743 003 CaOOAMICUS 005 20070226123024.0 008 021216s2000 it u000 u ita u 020 $a8825009240 035 $a10948866 040 $aPUL$bita 245 00$aApocalittica e liturgia del compimento /$cG. Ambrosio [et al...] ; a cura di Aldo natale Terrin. 260 $aPadova :$bEdizioni Messaggero,$cc2000. 300 $a382 p. ;$c20 cm 490 1 $aCaro salutis cardo.$aContributi ;$v17 504 $aBibliografia in nota. 650 4$aEscatologia cristiana.$0(OLS)http://pul/subject/9754 700 1 $aTerrin, Aldo Natale,$d1941-2024.$0(OLS)http://pul/name/398 700 1 $aAmbrosio, G.$0(OLS)http://pul/name/26053 830 0$aCaro salutis cardo.$pContributi ;$v17.$0(OLS)http://pul/title/45949 850 $aPUL 852 $aPUL$W1$xSL Religione 1$y3$m11 N 12.1.17$j96347$nBK-PRI$b $qStampati$B96347$CPULBib$Z2$F96347 $H $81 941 1 $a8 961 $aINV: 88376 996 $6020$a8825009240$9(OLS)http://pul/number/97159 996 $6245$aApocalittica e liturgia del compimento$9(OLS)http://pul/title/98089 996 $6260$aPadova :$bEdizioni Messaggero$9(OLS)http://pul/publisher/51217